Statistics for Countries that Produce the Most Beer

Click here to take the quiz!

General Stats

  • This quiz has been taken 102,518 times
    (20,068 since last reset)
  • The average score is 15 of 20

Answer Stats

Metric TonsCountry% Correct
20.4 mUnited States
99%
8.54 mGermany
98%
36.6 mChina
95%
3.84 mUnited Kingdom
94%
8.20 mRussia
92%
2.18 mFrance
90%
13.5 mMexico
89%
16.9 mBrazil
87%
2.12 mCanada
87%
3.81 mSpain
86%
2.45 mJapan
83%
2.20 mIndia
81%
3.83 mPoland
75%
2.40 mBelgium
71%
2.21 mNetherlands
70%
1.96 mCzech Republic
62%
3.10 mSouth Africa
50%
2.69 mColombia
45%
1.98 mThailand
42%
4.20 mVietnam
36%

Score Distribution

Percentile by Number Answered

Percent of People with Each Score

Your Score History

You have not taken this quiz since the last reset